| 000 | 01252cam a2200349 i 4500 | ||
|---|---|---|---|
| 003 | EG-ScBUE | ||
| 005 | 20250310103836.0 | ||
| 008 | 111018s2006 enka f 001 0 eng d | ||
| 020 | _a9780521860963 (hbk.) | ||
| 020 | _a0521860962 (hbk.) | ||
| 040 |
_aEG-ScBUE _beng _erda _cEG-ScBUE _dEG-ScBUE |
||
| 082 | 0 | 4 |
_a530.12 _bLEV _222 |
| 100 | 1 |
_aLevi, A. F. J., _eauthor. _927556 |
|
| 245 | 1 | 0 |
_aApplied quantum mechanics / _cA.F.J. Levi. |
| 250 | _aSecond edtion. | ||
| 264 | 1 |
_aCambridge ; _aNew York : _bCambridge University Press, _c2006. |
|
| 300 |
_axvi, 558 pages : _billustrations ; _c26 cm |
||
| 336 |
_2rdacontent _atext _btxt |
||
| 337 |
_aunmediated _2rdamedia _bn |
||
| 338 |
_avolume _bnc _2rdacarrier |
||
| 500 | _aIncludes index. | ||
| 500 | _aIncludes Appendices. | ||
| 590 | _adoaa mohamed | ||
| 650 | 7 |
_aQuantum theory. _927557 _2BUEsh |
|
| 650 | 7 |
_aQuantum theory _xIndustrial applications. _927558 _2BUEsh |
|
| 651 | _2BUEsh | ||
| 653 |
_bENGMEC _cAugust2015 |
||
| 655 | _vReading book | ||
| 856 | 4 | 2 |
_3Publisher description _uhttp://www.loc.gov/catdir/enhancements/fy0668/2006282212-d.html |
| 856 | 4 | 2 |
_3Table of contents only _uhttp://www.loc.gov/catdir/enhancements/fy0668/2006282212-t.html |
| 942 |
_cBB _2ddc |
||
| 999 |
_c7435 _d7435 |
||